<?xml version="1.0" encoding="UTF-8"?>
<record
    xmlns:xsi="http://www.w3.org/2001/XMLSchema-instance"
    xsi:schemaLocation="http://www.loc.gov/MARC21/slim http://www.loc.gov/standards/marcxml/schema/MARC21slim.xsd"
    xmlns="http://www.loc.gov/MARC21/slim">

  <leader>01605nam2a22002651  4500</leader>
  <controlfield tag="001">rc\4282325</controlfield>
  <controlfield tag="005">20250611145903.0</controlfield>
  <datafield tag="021" ind1=" " ind2=" ">
    <subfield code="a">RU</subfield>
    <subfield code="b">[65-87316]</subfield>
  </datafield>
  <datafield tag="035" ind1=" " ind2=" ">
    <subfield code="a">(NLR Aleph) 008246804</subfield>
  </datafield>
  <datafield tag="090" ind1=" " ind2=" ">
    <subfield code="a">8310802</subfield>
    <subfield code="c">8310802</subfield>
  </datafield>
  <datafield tag="100" ind1=" " ind2=" ">
    <subfield code="a">20130416d1965    |||y0rusy50      ca</subfield>
  </datafield>
  <datafield tag="101" ind1="0" ind2=" ">
    <subfield code="a">rus</subfield>
  </datafield>
  <datafield tag="102" ind1=" " ind2=" ">
    <subfield code="a">RU</subfield>
  </datafield>
  <datafield tag="105" ind1=" " ind2=" ">
    <subfield code="a">a   z   |||a|</subfield>
  </datafield>
  <datafield tag="200" ind1="1" ind2=" ">
    <subfield code="a">[&#x41F;&#x44C;&#x435;&#x441;&#x44B;</subfield>
    <subfield code="e">&#x41C;&#x430;&#x43C;&#x430;&#x448;&#x430; &#x41A;&#x443;&#x440;&#x430;&#x436; &#x438; &#x435;&#x435; &#x434;&#x435;&#x442;&#x438;. &#x414;&#x43E;&#x43F;&#x440;&#x43E;&#x441; &#x41B;&#x443;&#x43A;&#x443;&#x43B;&#x43B;&#x430;. &#x414;&#x43E;&#x431;&#x440;&#x44B;&#x439; &#x447;&#x435;&#x43B;&#x43E;&#x432;&#x435;&#x43A; &#x438;&#x437; &#x421;&#x44B;&#x447;&#x443;&#x430;&#x43D;&#x438;. &#x413;&#x43E;&#x441;&#x43F;&#x43E;&#x434;&#x438;&#x43D; &#x41F;&#x443;&#x43D;&#x442;&#x438;&#x43B;&#x430; &#x438; &#x435;&#x433;&#x43E; &#x441;&#x43B;&#x443;&#x433;&#x430; &#x41C;&#x430;&#x442;&#x442;&#x438;. &#x41A;&#x430;&#x440;&#x44C;&#x435;&#x440;&#x430; &#x410;&#x440;&#x442;&#x443;&#x440;&#x43E; &#x423;&#x43D;, &#x43A;&#x43E;&#x442;&#x43E;&#x440;&#x43E;&#x439; &#x43C;&#x43E;&#x433;&#x43B;&#x43E; &#x43D;&#x435; &#x431;&#x44B;&#x442;&#x44C;</subfield>
    <subfield code="f">&#x41A;&#x43E;&#x43C;&#x43C;&#x435;&#x43D;&#x442;. &#x415;. &#x42D;&#x442;&#x43A;&#x438;&#x43D;&#x434;&#x430;]</subfield>
  </datafield>
  <datafield tag="210" ind1=" " ind2=" ">
    <subfield code="d">1965</subfield>
    <subfield code="a">&#x411;. &#x43C;.</subfield>
  </datafield>
  <datafield tag="215" ind1=" " ind2=" ">
    <subfield code="a">472 &#x441;., 15 &#x43B;. &#x438;&#x43B;.</subfield>
  </datafield>
  <datafield tag="461" ind1=" " ind2="0">
    <subfield code="1">001rc\4282324</subfield>
    <subfield code="1">2001#$a&#x422;&#x435;&#x430;&#x442;&#x440;$e[&#x41F;&#x44C;&#x435;&#x441;&#x44B;. &#x421;&#x442;&#x430;&#x442;&#x44C;&#x438;. &#x412;&#x44B;&#x441;&#x43A;&#x430;&#x437;&#x44B;&#x432;&#x430;&#x43D;&#x438;&#x44F;$e&#x412; 5 &#x442;.$e&#x41F;&#x435;&#x440;&#x435;&#x432;&#x43E;&#x434;&#x44B;]$v[&#x422;.] 3</subfield>
    <subfield code="1">700#1$a&#x411;&#x440;&#x435;&#x445;&#x442;$b&#x411;.$f1898-1956$g&#x411;&#x435;&#x440;&#x442;&#x43E;&#x43B;&#x44C;&#x442;</subfield>
    <subfield code="9">8310798</subfield>
    <subfield code="a">&#x411;&#x440;&#x435;&#x445;&#x442;, &#x411;. (1898-1956)</subfield>
    <subfield code="c">&#x41C;&#x43E;&#x441;&#x43A;&#x432;&#x430;</subfield>
    <subfield code="d">1965</subfield>
    <subfield code="n">&#x418;&#x441;&#x43A;&#x443;&#x441;&#x441;&#x442;&#x432;&#x43E;</subfield>
    <subfield code="o">[&#x41F;&#x44C;&#x435;&#x441;&#x44B;. &#x421;&#x442;&#x430;&#x442;&#x44C;&#x438;. &#x412;&#x44B;&#x441;&#x43A;&#x430;&#x437;&#x44B;&#x432;&#x430;&#x43D;&#x438;&#x44F; : &#x412; 5 &#x442;. : &#x41F;&#x435;&#x440;&#x435;&#x432;&#x43E;&#x434;&#x44B;]</subfield>
    <subfield code="t">&#x422;&#x435;&#x430;&#x442;&#x440;</subfield>
    <subfield code="v">[&#x422;.] 3</subfield>
  </datafield>
  <datafield tag="464" ind1=" " ind2="0">
    <subfield code="1">2001#$a&#x41C;&#x430;&#x43C;&#x430;&#x448;&#x430; &#x41A;&#x443;&#x440;&#x430;&#x436; &#x438; &#x435;&#x435; &#x434;&#x435;&#x442;&#x438;$a&#x414;&#x43E;&#x43F;&#x440;&#x43E;&#x441; &#x41B;&#x443;&#x43A;&#x443;&#x43B;&#x43B;&#x430;$a&#x414;&#x43E;&#x431;&#x440;&#x44B;&#x439; &#x447;&#x435;&#x43B;&#x43E;&#x432;&#x435;&#x43A; &#x438;&#x437; &#x421;&#x44B;&#x447;&#x443;&#x430;&#x43D;&#x438;$a&#x413;&#x43E;&#x441;&#x43F;&#x43E;&#x434;&#x438;&#x43D; &#x41F;&#x443;&#x43D;&#x442;&#x438;&#x43B;&#x430; &#x438; &#x435;&#x433;&#x43E; &#x441;&#x43B;&#x443;&#x433;&#x430; &#x41C;&#x430;&#x442;&#x442;&#x438;$a&#x41A;&#x430;&#x440;&#x44C;&#x435;&#x440;&#x430; &#x410;&#x440;&#x442;&#x443;&#x440;&#x43E; &#x423;&#x43D;, &#x43A;&#x43E;&#x442;&#x43E;&#x440;&#x43E;&#x439; &#x43C;&#x43E;&#x433;&#x43B;&#x43E; &#x43D;&#x435; &#x431;&#x44B;&#x442;&#x44C;</subfield>
    <subfield code="t">&#x41A;&#x430;&#x440;&#x44C;&#x435;&#x440;&#x430; &#x410;&#x440;&#x442;&#x443;&#x440;&#x43E; &#x423;&#x43D;, &#x43A;&#x43E;&#x442;&#x43E;&#x440;&#x43E;&#x439; &#x43C;&#x43E;&#x433;&#x43B;&#x43E; &#x43D;&#x435; &#x431;&#x44B;&#x442;&#x44C;</subfield>
  </datafield>
  <datafield tag="702" ind1=" " ind2="1">
    <subfield code="a">&#x42D;&#x442;&#x43A;&#x438;&#x43D;&#x434;</subfield>
    <subfield code="b">&#x415;.</subfield>
    <subfield code="4">212</subfield>
  </datafield>
  <datafield tag="801" ind1=" " ind2="0">
    <subfield code="a">RU</subfield>
    <subfield code="b">NLR</subfield>
    <subfield code="g">psbo</subfield>
  </datafield>
  <datafield tag="801" ind1=" " ind2="1">
    <subfield code="a">RU</subfield>
    <subfield code="b">ELAR</subfield>
    <subfield code="2">rusmarc</subfield>
  </datafield>
  <datafield tag="852" ind1=" " ind2=" ">
    <subfield code="a">NLR</subfield>
    <subfield code="j">65-3/6119</subfield>
  </datafield>
  <datafield tag="942" ind1=" " ind2=" ">
    <subfield code="c">BOOK</subfield>
  </datafield>
  <datafield tag="980" ind1=" " ind2=" ">
    <subfield code="a">NB</subfield>
  </datafield>
  <datafield tag="995" ind1=" " ind2=" ">
    <subfield code="5">2013-10-26</subfield>
    <subfield code="b">NLR01</subfield>
    <subfield code="c">NLR01</subfield>
    <subfield code="e">RF31</subfield>
    <subfield code="f">1-292519</subfield>
    <subfield code="k">65-3/6119</subfield>
    <subfield code="o">0</subfield>
    <subfield code="r">BOOK</subfield>
    <subfield code="s">6536119_</subfield>
  </datafield>
</record>
